| 000 | 00904nam a2200301Ia 4500 | ||
|---|---|---|---|
| 001 | Z_929 | ||
| 003 | CHAP | ||
| 008 | 220113s1986 xx 000 0 und d | ||
| 010 | _a164005 | ||
| 040 | _cCHAP | ||
| 082 | _a636.082 S4 | ||
| 100 |
_aSeminar in the CEC Animal Husbandry y Research (1985: Edinburgh, UK.) _9138067 |
||
| 245 |
_aExploiting new technologies in animal breeding: genetic developments / _ced. by C. Smith, J. W. B. King and J. C. McKay |
||
| 260 |
_aNew York : _bOxford University, _c1986 |
||
| 300 |
_a202 p. : _bilus. |
||
| 440 | _a | ||
| 500 | _a | ||
| 503 | _a146353 | ||
| 650 |
_aAnimales domésticos _xMejoramiento _95909 |
||
| 650 | _aGenética animal | ||
| 650 |
_aGranjas I. King, J. W. B., ed. II. McKay, J. C., ed. III. t. Smith, C. IV. t. _9138068 |
||
| 901 | _a636.082 S4 | ||
| 902 | _aA | ||
| 910 | _a1986 | ||
| 942 | _c1 | ||
| 942 | _cc1 | ||
| 999 |
_c164005 _d164005 |
||